00286nam a22000977a 4500008004100000082002000041100002200061245004300083260004900126300001300175230619b xxu||||| |||| 00| 0 eng d a306.209676bBIG cJohn C. B. Bigala aA Framework of Political Socialization aNairobi,KenyabKenya Literature Bureauc1978 aVII,135p